00738nam a2200205 a 450000100100000000500170001000800410002702000160006804000250008410000380010924500660014725000120021326000940022530000270031949000220034650000680036850400260043671000480046283000220051000004037620201002034107.0130823s2001 mx 000 0 spa d a96836904327 aDO-SdBNPbspacBNPHU1 aGonzález Alcántara, Juan Luis10aDerechos del arrendador /cJuan Luis González Alcántara,. a2a. ed. aMéxico :bUniversidad Nacional Autónoma de México :bCámara de Diputados;,c2001. a67 p. :bil. ;c22 cm.1 aNuestros derechos aIncluye datos biográficos de los autores en la contracubierta aBibliografía : p.672 aUniversidad Nacional Autónoma de México 0aNuestros derechos